书目信息 |
| 题名: |
外星人故事书
|
|
| 作者: | 谷峰 主编 | |
| 分册: | ||
| 出版信息: | 北京 中国华侨出版社 2021.2 |
|
| 页数: | 261页 | |
| 开本: | 23cm | |
| 丛书名: | ||
| 单 册: | ||
| 中图分类: | Q693 | |
| 科图分类: | ||
| 主题词: | 地外生命--普及读物 | |
| 电子资源: | ||
| ISBN: | 978-7-5113-8280-1 | |
| 000 | 00800nam0 2200241 45 | |
| 001 | 012001001197 | |
| 005 | 20140913095705.0 | |
| 010 | @a978-7-5113-8280-1@dCNY48.00 | |
| 100 | @a20210412d2021 em y0chiy50 ea | |
| 101 | 0 | @achi |
| 102 | @aCN@b110000 | |
| 105 | @ay z 000yy | |
| 106 | @ar | |
| 200 | 1 | @a外星人故事书@Awai xing ren gu shi shu@b专著@f谷峰主编 |
| 210 | @a北京@c中国华侨出版社@d2021.2 | |
| 215 | @a261页@d23cm | |
| 300 | @a探索之旅 | |
| 330 | @a本书整理收集了诸多不明飞行物与未知现象的报道,通过对事件的还原与分析,期待与读者一道探索神奇的UFO与外星人问题。答案不重要,重要的是培养和保持我们对大干世界的敬畏与探索精神。 | |
| 606 | 0 | @a地外生命@j普及读物 |
| 690 | @aQ693@v5 | |
| 701 | 0 | @a谷峰@Agu feng@4主编 |
| 801 | 0 | @aCN@bBJSDL@c20211011 |
| 905 | @b1333422-5@dQ693@e32@f4 | |
| 外星人故事书/谷峰主编.-北京:中国华侨出版社,2021.2 |
| 261页;23cm |
| 探索之旅 |
| ISBN 978-7-5113-8280-1:CNY48.00 |
| 本书整理收集了诸多不明飞行物与未知现象的报道,通过对事件的还原与分析,期待与读者一道探索神奇的UFO与外星人问题。答案不重要,重要的是培养和保持我们对大干世界的敬畏与探索精神。 |
| ● |
| 相关链接 |
|
|
|
|
正题名:外星人故事书
索取号:Q693/32
 
预约/预借
| 序号 | 登录号 | 条形码 | 馆藏地/架位号 | 状态 | 备注 |
| 1 | 1333422 | 213334220 | 第二样本阅览室/ [索取号:Q693/32] | 在馆 | |
| 2 | 1333423 | 213334239 | 第三借阅区/ [索取号:Q693/32] | 在馆 | |
| 3 | 1333424 | 213334248 | 第三借阅区/ [索取号:Q693/32] | 在馆 | |
| 4 | 1333425 | 213334257 | 第三借阅区/ [索取号:Q693/32] | 在馆 |